000 00704nam a2200253Ia 4500
003 OSt
005 20220918164551.0
006 a|||||r|||| 00| 0
007 ta
008 220917b |||||||| |||| 00| 0 eng d
020 _a0691002568 (hbk)
024 _a191,589
037 _cTextual
040 _aARTS
_cARTS
_beng
041 _2eng
_aeng
082 _aV73:19(zQ).N93, N9
100 _aGowa Joanne
_919463
245 0 _aBallots and bullets
_b the elusive democratic peace
260 _aPrinceton
_bPrinceton University Press
_c1999
300 _axii;136p.
_ccm.
650 _aHISTORY
942 _hV73:19(zQ).N93, N9
_cTEXL
_2CC
999 _c125325
_d125325